Código procesal civil y comercial de la nación /
Guardado en:
| Otros Autores: | , |
|---|---|
| Formato: | Libro |
| Idioma: | Spanish |
| Publicado: |
Buenos Aires :
Erreius,
2018.
|
| Edición: | 1a. ed. |
| Etiquetas: |
Agregar Etiqueta
Sin Etiquetas, Sea el primero en etiquetar este registro!
|
| LEADER | 00535nam a22001695a 4500 | ||
|---|---|---|---|
| 001 | DER.der013769 | ||
| 008 | 181129s2018####|||||||||||||||||#||spa|| | ||
| 005 | 20240830132233.0 | ||
| 245 | 1 | 0 | |a Código procesal civil y comercial de la nación / |c Argentina. |
| 250 | |a 1a. ed. | ||
| 260 | |a Buenos Aires : |b Erreius, |c 2018. | ||
| 300 | |a 725 p. | ||
| 020 | |a 9789874405371 | ||
| 240 | 1 | 0 | |a Argentina - Códigos |
| 700 | 1 | |a Parada, Ricardo Antonio., |e comp. | |
| 700 | 1 | |a Errecaborde, José Daniel., |e comp. | |
| 859 | |a DERECHO |b BIB. DERECHO |h 348.023 |i COD |p 008844 | ||
